Central Library OPAC University of Rajshahi

One-party government in the Ivory Coast / (Record no. 40706)

MARC details
000 -LEADER
fixed length control field 00816cam a2200241 a 4500
001 - CONTROL NUMBER
control field 40706
003 - CONTROL NUMBER IDENTIFIER
rucl marc code BD-RjUL
005 - DATE AND TIME OF LATEST TRANSACTION
control field 20211209053252.0
008 - FIXED-LENGTH DATA ELEMENTS--GENERAL INFORMATION
fixed length control field 160509s1964 njua b 001 0 eng
035 ## - SYSTEM CONTROL NUMBER
System control number (BD-RjUL)40821
040 ## - CATALOGING SOURCE
Original cataloging agency DLC
Transcribing agency DLC
Modifying agency BD-RjUL
Language of cataloging eng
041 ## - LANGUAGE CODE
Language code of text/sound track or separate title eng
082 00 - DEWEY DECIMAL CLASSIFICATION NUMBER
Classification number 354.6668
Edition number 23
Author mark and year ZOO 1964
100 1# - MAIN ENTRY--PERSONAL NAME
Personal name Zolberg, Aristide R.
9 (RLIN) 125242
245 10 - TITLE STATEMENT
Title One-party government in the Ivory Coast /
Statement of responsibility, etc. Zolberg Aristide R
260 ## - PUBLICATION, DISTRIBUTION, ETC. (IMPRINT)
Place of publication, distribution, etc. Princeton, N.J. :
Name of publisher, distributor, etc. Princeton University Press,
Date of publication, distribution, etc. 1964.
300 ## - PHYSICAL DESCRIPTION
Pagination xiv, 374 p. :
Illustrations 3 maps, diagr., tables. ;
Size 23 cm.
504 ## - BIBLIOGRAPHY, ETC. NOTE
Bibliography, etc Includes Bibliography: [p. 343-360] and index.
610 20 - SUBJECT ADDED ENTRY--CORPORATE NAME
Corporate name or jurisdiction name as entry element Parti démocratique de Côte d'Ivoire.
650 ## - SUBJECT ADDED ENTRY--TOPICAL TERM
Topical term or geographic name as entry element Cote Ivory
General subdivision Politics and government
Chronological subdivision 1960-1993
9 (RLIN) 125244
942 ## - ADDED ENTRY ELEMENTS (KOHA)
Source of classification or shelving scheme Dewey Decimal Classification
Koha item type Books
Holdings
Lost status Source of classification or shelving scheme Damaged status Not for loan Collection code Permanent Location Current Location Shelving location Date acquired Source of acquisition Cost, normal purchase price Total Checkouts Full call number Date last seen Copy number Koha item type
  Dewey Decimal Classification     Non-fiction Central Library, University of Rajshahi Central Library, University of Rajshahi   28/03/1967 Pak American 37.50   354.6668 ZOO 1964 09/05/2016 C-2 Books